Attitudes of great leaders: bringing down the giants in your life (Record no. 84)

MARC details
000 -LEADER
fixed length control field 00513nam a2200169Ia 4500
008 - FIXED-LENGTH DATA ELEMENTS--GENERAL INFORMATION
fixed length control field 240428s9999||||xx |||||||||||||| ||und||
020 ## - INTERNATIONAL STANDARD BOOK NUMBER
International Standard Book Number 0768423597
041 ## - LANGUAGE CODE
Language code of text/sound track or separate title eng
082 ## - DEWEY DECIMAL CLASSIFICATION NUMBER
Classification number 221.92 F
100 ## - MAIN ENTRY--PERSONAL NAME
Personal name Farley, Rick.
245 #0 - TITLE STATEMENT
Title Attitudes of great leaders: bringing down the giants in your life
260 ## - PUBLICATION, DISTRIBUTION, ETC.
Name of publisher, distributor, etc. Destiny Image
Place of publication, distribution, etc. Benin City, Nigera
Date of publication, distribution, etc. 2006
300 ## - PHYSICAL DESCRIPTION
Extent 187p.
650 ## - SUBJECT ADDED ENTRY--TOPICAL TERM
Topical term or geographic name entry element Christian leadership -- Biblical teaching. - Leadership in the Bible. - David, King of Israel.
942 ## - ADDED ENTRY ELEMENTS (KOHA)
Koha item type Books
Holdings
Withdrawn status Lost status Damaged status Not for loan Home library Current library Shelving location Date acquired Total checkouts Full call number Date last seen Copy number Price effective from Koha item type
        Main Library Main Library Open Shelves 29/07/2021   221.92 F C1 233 29/04/2024 1 29/04/2024 Books
©2026  Parliament of Ghana Library - All rights reserved